书目信息 |
| 题名: |
世界贸易战简史
|
|
| 作者: | 赵涛 , 刘挥 著 | |
| 分册: | ||
| 出版信息: | 北京 华文出版社 2019 |
|
| 页数: | 210页 | |
| 开本: | 23cm | |
| 丛书名: | ||
| 单 册: | ||
| 中图分类: | F749 | |
| 科图分类: | ||
| 主题词: | 国际贸易--guo ji mao yi--贸易战--贸易史 | |
| 电子资源: | ||
| ISBN: | 978-7-5075-5109-9 | |
| 000 | 01550nam0 2200289 45 | |
| 001 | 012001008695 | |
| 005 | 20140102085138.0 | |
| 010 | @a978-7-5075-5109-9@dCNY49.80 | |
| 099 | @aCAL 012019098977 | |
| 100 | @a20190625d2019 em y0chiy50 ea | |
| 101 | 0 | @achi |
| 102 | @aCN@b110000 | |
| 105 | @aafk z 000yy | |
| 106 | @ar | |
| 200 | 1 | @a世界贸易战简史@Ashi jie mao yi zhan jian shi@f赵涛, 刘挥著 |
| 210 | @a北京@c华文出版社@d2019 | |
| 215 | @a210页@c图@d23cm | |
| 314 | @a赵涛,男,北京邮电大学经济管理学院博士,北京外国语大学国际商学院讲师,著有《金融史其实很有趣》《绩效考核与量化管理》等作品。 | |
| 314 | @a刘挥,女,经管类图书作者,现居北京。已出版作品有《魔鬼金融学》《从零开始学炒股》等。 | |
| 330 | @a《世界贸易战简史》书写了从公元前7世纪到21世纪长达两千多年的人类贸易战争历史,这些大大小小的贸易战都曾在一定程度上影响了历史走向——小则影响一个朝代的兴亡、决定数十年的区域政治格局,大则影响了整个人类文明的进程。本书不仅细述了这些贸易战发生的背景、经过、结局和后果,还对贸易战的形式演变及导致贸易战发生深层原因进行了分析,并根据历史经验得出结论:自由贸易给世界带来了繁荣和发展,而长期的贸易摩擦则会导致全球性的经济衰退。太阳下没有新鲜事儿,以历史为师,不仅可以更好地理解和把握贸易战的现在及未来,也将对我们研究当前美国掀起的贸易保护主义有一定的启发意义。 | |
| 333 | @a企业决策者、研究人员、经济学者及相关读者。 | |
| 606 | 0 | @a国际贸易@Aguo ji mao yi@x贸易战@x贸易史 |
| 690 | @aF749@v5 | |
| 701 | 0 | @a赵涛@Azhao tao@4著 |
| 701 | 0 | @a刘挥@Aliu hui@4著 |
| 801 | 0 | @aCN@b上海新华@c20191020 |
| 905 | @b1185470-3@dF749@e195@f4 | |
| 世界贸易战简史/赵涛, 刘挥著.-北京:华文出版社,2019 |
| 210页:图;23cm |
| 使用对象:企业决策者、研究人员、经济学者及相关读者。 |
| ISBN 978-7-5075-5109-9:CNY49.80 |
| 《世界贸易战简史》书写了从公元前7世纪到21世纪长达两千多年的人类贸易战争历史,这些大大小小的贸易战都曾在一定程度上影响了历史走向——小则影响一个朝代的兴亡、决定数十年的区域政治格局,大则影响了整个人类文明的进程。本书不仅细述了这些贸易战发生的背景、经过、结局和后果,还对贸易战的形式演变及导致贸易战发生深层原因进行了分析,并根据历史经验得出结论:自由贸易给世界带来了繁荣和发展,而长期的贸易摩擦则会导致全球性的经济衰退。太阳下没有新鲜事儿,以历史为师,不仅可以更好地理解和把握贸易战的现在及未来,也将对我们研究当前美国掀起的贸易保护主义有一定的启发意义。 |
| ● |
| 相关链接 |
|
|
|
|
正题名:世界贸易战简史
索取号:F749/195
 
预约/预借
| 序号 | 登录号 | 条形码 | 馆藏地/架位号 | 状态 | 备注 |
| 1 | 1185470 | 211854705 | 第一样本阅览室/ [索取号:F749/195] | 在馆 | |
| 2 | 1185471 | 211854714 | 第一借阅区/ [索取号:F749/195] | 在馆 | |
| 3 | 1185472 | 211854723 | 第一借阅区/ [索取号:F749/195] | 在馆 | |
| 4 | 1185473 | 211854732 | 第一借阅区/ [索取号:F749/195] | 在馆 |